000
00293nam a22001337a 4500
008
181031b xxu||||| |||| 00| 0 eng d
020
_a
9780070407268
041
_a
eng
080
_2
3rd
_a
004
100
_a
28
101
_a
SHK
245
_a
Algorithms in C++
_c
Sedgewick,R
942
_2
udc
_c
BK
999
_c
51212
_d
51212